Largest Islands of Germany - Statistics

General Stats
  • This quiz has been taken 87 times
  • The average score is 10 of 30
Answer Stats
Hint Answer % Correct
926 Rügen
90%
99.2 Sylt
90%
30.7 Borkum
69%
373 Usedom
69%
185 Fehmarn
64%
19.7 Langeoog
64%
20.4 Amrum
63%
82.9 Föhr
58%
7.9 Wangerooge
58%
18.2 Spiekeroog
56%
16.4 Juist
53%
26.3 Norderney
53%
6.5 Baltrum
44%
37.4 Pellworm
29%
16.7 Hiddensee
28%
2.3 Herrenchiemsee
26%
3.3 Neuwerk
22%
34.3 Poel
22%
4.7 Mellum
18%
11.6 Langeneß
17%
5.9 Hooge
14%
4.3 Reichenau
11%
2.5 Gröde
6%
19.6 Ummanz
6%
5.2 Memmert
4%
2.0 Oland
4%
3.7 Minsener Oog
1%
3.4 Bock
0%
2.5 Kampenwerder
0%
3.7 Kirr
0%
No matching quizzes found
Score Distribution
Percent of People with Each Score
Percentile by Number Answered
Your Score History
You have not taken this quiz